000 00654cam a22002531 4500
001 sa 64004600
003 DLC
005 20260227112026.0
008 891030s1963 ii b 000 0 hino
010 _asa 64004600
035 _a(OCoLC)20572130
040 _aDLC
_cWaU
_dDLC
042 _apremarc
043 _aa-ii---
050 0 0 _aPK2040
_b.S49
100 1 _aSiṃha, Madhuramālatī.
245 1 0 _aĀdhunika Hindī kāvya meṃ viraha bhāvanā.
260 _c1963.
300 _a470 p.
_c22 cm.
500 _aIn Hindi.
504 _aBibliography: p. [463]-470.
650 0 _aHindi poetry
_xHistory and criticism.
650 0 _aSolitude.
999 _c58626
_d58626